Statystyki dla Wyspy według państwa #2

Kliknij tutaj aby rozwiązać quiz!

Ogólne statystyki

  • Ten quiz został rozwiązany 4 125 razy
  • Średni wynik to 12 z 21

Statystyki odpowiedzi

WyspaPaństwo% Poprawnych
HongkongChiny
99%
RodosGrecja
90%
MajorkaHiszpania
90%
ManhattanStany Zjednoczone
89%
HokkaidoJaponia
88%
BaliIndonezja
76%
ZanzibarTanzania
74%
Nowa FundlandiaKanada
70%
GotlandiaSzwecja
64%
ZelandiaDania
45%
SachalinRosja
45%
PhuketTajlandia
44%
CuraçaoHolandia
43%
Wyspa PółnocnaNowa Zelandia
39%
Mainland (Orkady)Wielka Brytania
37%
LampedusaWłochy
37%
TahitiFrancja
36%
MindanaoFilipiny
28%
TerceiraPortugalia
23%
DżerbaTunezja
23%
SyltNiemcy
14%

Rozkład punktacji

Percentyl według liczby udzielonych odpowiedzi

Procent ludzi z każdym wynikiem

Twoja historia wyników

Nie rozwiązałeś tego quizu